00219 a2200085 4500001000700000040003500007100002000042240003800062245003300100146791 cEscola São Tomás de Aquino aBANDEIRA, Pedro10aCidinha e a pulga da Cidinhalpor10aCidinha e a pulga da Cidinha